00377nam a22001217a 4500008004100000020001800041040000900059100002800068245008200096260003400178300002000212490002300232230912b ||||| |||| 00| 0 eng d a9788419734020 aCDMR aCalçada Barres, Laura aFucking New York b: història dels meus límits c/ Laura Calçada Barres aBarcelona b: Destinoc, 2023 a388 p.c; 23 cm aL'Àncora v; 285